[Event "6th Open"]
[Site "Korinthos GRE"]
[Date "2002.07.29"]
[Round "7"]
[White "Papadopoulou,V"]
[Black "Genov,Peta"]
[Result "1-0"]
[WhiteElo "2152"]
[BlackElo "2526"]

1.c4 Nf6 2.Nf3 b6 3.g3 Bb7 4.Bg2 g6 5.O-O c5 6.Nc3 Bg7 7.d4 cxd4 8.Nxd4 Bxg2
9.Kxg2 a6 10.e4 d6 11.Be3 Nbd7 12.b3 Rc8 13.Rc1 O-O 14.f3 e6 15.Qd2 Qc7 16.Bh6 Bxh6
17.Qxh6 Rfd8 18.Rfd1 Ne5 19.Qf4 Kg7 20.Qe3 Qb7 21.h4 h6 22.Rc2 Re8 23.Qf2 g5
24.hxg5 hxg5 25.Qd2 g4 26.Qg5+ Ng6 27.Rh1 Rh8 28.Rcc1 gxf3+ 29.Kxf3 b5 30.Nd5 Nd7
31.Nf4 Ne5+ 32.Ke3 Qb6 33.Rxh8 Rxh8 34.Nxg6 Nxg6 35.c5 dxc5 36.Qxc5 Qd8 37.Ne2 e5
38.Rc2 Rh2 39.Qc8 Qb6+ 40.Qc5 Qf6 41.Kd2 Qf1 42.Qe3 Qb1 43.Kc3 b4+ 44.Kd3 Rh1
45.Qc5 a5 46.Ke3 Rh2 47.Kd3 Kh7 48.Qg1 Qxg1 49.Nxg1 Rh1 50.Ne2 Rd1+ 51.Kc4 Nf8
52.Kb5 Ne6 53.Kxa5 Nd4 54.Nxd4 Rxd4 55.Rc4 Rd2 56.Kxb4 Rxa2 57.Kc5 Rg2 58.b4 Rxg3
59.b5 Rg8 60.b6 Kg6 61.Kd6 f5 62.Kxe5 Re8+ 63.Kd5 f4 64.e5 Kf5 65.e6 f3 66.b7 f2
67.Rc1 Rd8+ 68.Kc6 Kxe6 69.Kc7 Rd7+ 70.Kc8 Rf7 71.Rf1 Rf8+ 72.Kc7 Rf7+ 73.Kb6 Rf8
74.Ka7 Kd5 75.b8=Q  1-0

[Event "GPA Open"]
[Site "Ontario CAN"]
[Date "2002.08.08"]
[Round "3"]
[White "Arencibia,W"]
[Black "Cummings,D"]
[Result "1/2-1/2"]
[WhiteElo "2534"]
[BlackElo "2371"]

1.Nf3 Nf6 2.g3 b6 3.Bg2 Bb7 4.O-O c5 5.c4 g6 6.d3 Bg7 7.e4 d6 8.Nc3 O-O 9.Ng5 Nc6
10.f4 a6 11.Kh1 Nd4 12.Ne2 e6 13.Nxd4 cxd4 14.Qe2 b5 15.e5 Bxg2+ 16.Qxg2 dxe5
17.fxe5 Nd7 18.Qh3 h6 19.Nf3 Nxe5 20.Nxe5 Bxe5 21.Bxh6 Bg7 22.b3 bxc4 23.bxc4 Rb8
24.Rf2 e5 25.g4 Qd7 26.Bxg7 Kxg7 27.Qg3 Rbe8 28.Re1 f6 29.Kg1 Qc7 30.Rfe2 g5
31.Qf3 Rh8 32.Rf2 Re6 33.Rb2 Rb6 34.Rxb6 Qxb6 35.Rf1 Rf8 36.h3 Rf7 37.Rf2 Qb1+
38.Kh2 Qc1 39.Kg2 a5 40.Rf1  1/2-1/2

[Event "6th HZ Open"]
[Site "Vlissingen NED"]
[Date "2002.08.10"]
[Round "8"]
[White "Mellegers,J"]
[Black "Roeder,M"]
[Result "1/2-1/2"]
[WhiteElo "2280"]
[BlackElo "2485"]

1.Nf3 Nf6 2.c4 b6 3.g3 c5 4.Bg2 Bb7 5.O-O g6 6.Nc3 Bg7 7.d4 cxd4 8.Qxd4 Nc6
9.Qf4 Na5 10.b3 d5 11.Rd1 Qc8 12.Ba3 dxc4 13.b4 Nc6 14.Qxc4 a6 15.Rac1 O-O
16.Ne5 Nxe5 17.Qxc8 Bxc8 18.Bxa8 Nc4 19.Nb1 b5 20.Bg2 Bf5 21.e4 Bxe4 22.Bxe4 Nxe4
23.Rc2 Ng5 24.Re2 e6 25.Bb2 Rc8 26.Kg2  1/2-1/2

[Event "22nd Open"]
[Site "Bratto ITA"]
[Date "2002.08.23"]
[Round "4"]
[White "Preiss,M"]
[Black "Grooten,H"]
[Result "1-0"]
[WhiteElo "2265"]
[BlackElo "2375"]

1.c4 b6 2.Nf3 c5 3.g3 Bb7 4.Bg2 Nf6 5.O-O g6 6.b3 Bg7 7.Bb2 O-O 8.Nc3 d6
9.d4 cxd4 10.Nxd4 Bxg2 11.Kxg2 a6 12.e4 e6 13.Rc1 Qc7 14.Rc2 Nbd7 15.Rd2 Rad8
16.Qf3 Rfe8 17.Rfd1 Qb7 18.e5 Qxf3+ 19.Nxf3 dxe5 20.Nxe5 Nd5 21.Nxd7 Nxc3
22.Bxc3 Bxc3 23.Rd3 Bg7 24.Nxb6 Rxd3 25.Rxd3 Bf8 26.Nd7 Be7 27.c5 Rc8 28.b4 a5
29.b5 Bd8 30.b6 Rc6 31.Rd6  1-0

[Event "European Seniors"]
[Site "Saint Vincent ITA"]
[Date "2002.09.28"]
[Round "1"]
[White "Radulov,I"]
[Black "Ziltener,W"]
[Result "1-0"]
[WhiteElo "2359"]
[BlackElo "2042"]

1.Nf3 Nf6 2.g3 b6 3.Bg2 Bb7 4.O-O g6 5.c4 c5 6.Nc3 Bg7 7.e3 O-O 8.d4 Ne4
9.Bd2 d6 10.Rc1 Nd7 11.d5 Nxd2 12.Qxd2 Ne5 13.Nxe5 Bxe5 14.f4 Bg7 15.e4 Ba6
16.b3 Rb8 17.a4 Bc8 18.Rfe1 a6 19.e5 Bf5 20.h3 h5 21.Qe2 dxe5 22.fxe5 Qc7
23.Rcd1 Rbd8 24.g4 hxg4 25.hxg4 Bc8 26.Bf3 Bh6 27.d6 Qa7 28.Nd5 e6 29.Ne7+ Kg7
30.Nc6 Qd7 31.Nxd8 Rxd8 32.Kg2 Bb7 33.a5 Bxf3+ 34.Qxf3 bxa5 35.Qf6+ Kg8 36.g5 Bg7
37.Qe7 Qc6+ 38.Kf2 Rd7 39.Qe8+ Bf8 40.Rh1 Qe4 41.Qxd7 Qf4+ 42.Ke2 Qxe5+ 43.Kd3 Qd4+
44.Kc2 Qe4+ 45.Kb2  1-0

[Event "EuYCh B16"]
[Site "Peniscola ESP"]
[Date "2002.10.03"]
[Round "5"]
[White "Daskevics,V"]
[Black "Tello Nunez,A"]
[Result "1-0"]
[WhiteElo "2266"]
[BlackElo "2137"]

1.Nf3 Nf6 2.g3 b6 3.Bg2 Bb7 4.O-O c5 5.c4 g6 6.Nc3 Bg7 7.d4 cxd4 8.Nxd4 Bxg2
9.Kxg2 Nc6 10.Nc2 Ng4 11.Qd2 h5 12.h3 Nge5 13.b3 d6 14.Bb2 h4 15.f4 Nd7 16.g4 Qc8
17.Qe3 Qb7 18.Ne4 O-O 19.Bxg7 Kxg7 20.Qf3 Rac8 21.Nc3 Na5 22.Nd5 Nf6 23.e4 Nxd5
24.exd5 Kg8 25.Nd4 a6 26.a4 Rfe8 27.Rae1 e5 28.dxe6 Qxf3+ 29.Rxf3 fxe6 30.Nxe6 b5
31.axb5 axb5 32.cxb5 Rb8 33.f5 Rxb5 34.fxg6 Rxb3 35.Rf5 Rb2+ 36.Kg1 Nc6 37.g7 Rxe6
38.Rxe6 Nd4 39.Rg6 Nxf5 40.gxf5 Rb5 41.f6 Rf5 42.Rh6 Rg5+ 43.Kh2  1-0

[Event "TCh-CZE 2002-3"]
[Site "Czech Rep CZE"]
[Date "2002.10.12"]
[Round "1"]
[White "Freisler,P"]
[Black "Jurka,M"]
[Result "0-1"]
[WhiteElo "2326"]
[BlackElo "2377"]

1.Nf3 Nf6 2.c4 c5 3.g3 b6 4.Bg2 Bb7 5.O-O g6 6.b3 Bg7 7.Bb2 O-O 8.d4 cxd4
9.Qxd4 d6 10.Nc3 Nbd7 11.Nd5 b5 12.Qh4 bxc4 13.bxc4 Nxd5 14.Bxg7 Kxg7 15.cxd5 Nf6
16.e4 Qa5 17.Nd4 Rac8 18.Rfd1 Rc7 19.Qg5 Bc8 20.h4 Bg4 21.f3 Bd7 22.Qd2 Qa3
23.Rdc1 Rfc8 24.Rxc7 Rxc7 25.Rb1 h5 26.Rb3 Qc5 27.Kh2 a5 28.Bh3 a4 29.Rb2 Bxh3
30.Rc2 Qa7 31.Rxc7 Qxc7 32.Kxh3 Qc4 33.Kg2 Kf8 34.Kf2 Kg7 35.Ke3 Qf1 36.Ne2 Qb1
37.a3 Qb3+ 38.Qc3 Qd1 39.Qc1 Qb3+ 40.Qc3 Qd1 41.Kf2 Qb1 42.Nc1 Qb6+ 43.Ke2 Qg1
44.Qe1 Qc5 45.Nd3 Qxa3 46.Qb1 Qc3 47.Qb4 Qa1 48.Kd2 a3 49.Kc2 Qf1 50.Ne1 Qf2+
51.Qd2 Qxg3 52.Qe2 Qxh4 53.Kb3 Qg3 54.Kxa3 h4 55.Nc2 h3 56.Ne3 Qg1  0-1

[Event "Guernsey Open"]
[Site "Les Dicqs GCI"]
[Date "2002.10.21"]
[Round "2"]
[White "Fassaert,D"]
[Black "Bellin,R"]
[Result "0-1"]
[WhiteElo "2095"]
[BlackElo "2360"]

1.Nf3 c5 2.c4 Nf6 3.g3 b6 4.Bg2 Bb7 5.O-O g6 6.b3 Bg7 7.Bb2 O-O 8.Nc3 d6
9.d4 cxd4 10.Nxd4 Bxg2 11.Kxg2 Qd7 12.e3 Nc6 13.Nxc6 Qxc6+ 14.Qf3 Rfc8 15.Rfd1 Qxf3+
16.Kxf3 Ne8 17.Rab1 Bxc3 18.Bxc3 b5 19.Rd4 e5 20.Rd5 bxc4 21.b4 Nc7 22.Rxd6 Nb5
23.Bxe5 Nxd6 24.Bxd6 Rc6 25.Bc5 a5 26.a3 axb4 27.axb4 Rf6+ 28.Kg2 Ra2 29.e4 c3
30.Rc1 c2 31.e5 Re6 32.f4 f6 33.Bd6 fxe5 34.fxe5 g5 35.b5 Rb2 36.b6 Kf7 37.b7 Rxb7
38.Rxc2 Re8 39.Rc7+ Rxc7 40.Bxc7 Rc8 41.Bd6 Rc2+ 42.Kg1 g4 43.Bb4 Ke6 44.Bd6 Kd5
45.Bb8 Re2 46.Bc7 Ke4 47.Bd6 Kf3  0-1

[Event "Blue Autumn"]
[Site "Bucharest ROM"]
[Date "2002.10.29"]
[Round "7"]
[White "Badea,B"]
[Black "Vasiesiu,D"]
[Result "1/2-1/2"]
[WhiteElo "2474"]
[BlackElo "2435"]

1.Nf3 Nf6 2.c4 b6 3.g3 Bb7 4.Bg2 c5 5.O-O g6 6.Nc3 Bg7 7.Re1 Ne4 8.Nxe4 Bxe4
9.d4 cxd4 10.Bh6 Bxh6 11.Qxd4 O-O 12.Qxe4 Nc6 13.e3 Rc8 14.Rac1 Qc7  1/2-1/2

[Event "Olympiad w"]
[Site "Bled SLO"]
[Date "2002.11.01"]
[Round "7"]
[White "Foisor,C"]
[Black "Paehtz,E"]
[Result "1/2-1/2"]
[WhiteElo "2408"]
[BlackElo "2349"]

1.c4 b6 2.Nf3 c5 3.g3 Bb7 4.Bg2 Nf6 5.O-O g6 6.b3 Bg7 7.Bb2 O-O 8.d3 d5 9.Nbd2 Nc6
10.a3 Qd7 11.Qb1 Rfe8 12.cxd5 Nxd5 13.Bxg7 Kxg7 14.Qb2+ f6 15.Rfd1 e5 16.e3 Rad8
17.Ne4 Qe7 18.Ne1 Rd7 19.Nc3 Nxc3 20.Qxc3 Red8 21.Rdb1 Rc7 22.Ra2 Qe6 23.Rc2 Ne7
24.Bxb7 Rxb7 25.b4 cxb4 26.axb4 Rc8 27.Qb3 Qxb3 28.Rxb3 Rxc2 29.Nxc2 Rc7
30.Na3 Rc1+ 31.Kg2 Nd5 32.b5 Kf7 33.Kf3 Rc3 34.Rxc3 Nxc3 35.e4 Ke6 36.Ke3 f5
37.f3 h5 38.h4 Kf6 39.f4 Ke6 40.Kd2 Na4 41.Nc4 exf4 42.gxf4 fxe4 43.dxe4 Nc5
44.Ke3 Kf6 45.Ne5 Kg7 46.Nc4 Kf6 47.Ne5 Kg7  1/2-1/2

[Event "Olympiad"]
[Site "Bled SLO"]
[Date "2002.11.04"]
[Round "9"]
[White "Motwani,P"]
[Black "Gulko,B"]
[Result "1-0"]
[WhiteElo "2525"]
[BlackElo "2594"]

1.Nf3 Nf6 2.c4 b6 3.g3 Bb7 4.Bg2 c5 5.O-O g6 6.Nc3 Bg7 7.Re1 d5 8.d4 dxc4
9.Qa4+ Nbd7 10.dxc5 Qc8 11.Be3 O-O 12.Qxc4 Nxc5 13.Rac1 Nce4 14.Qb3 Qe8 15.Nb5 Nd5
16.Nc7 Nxc7 17.Rxc7 Nd6 18.Bg5 e6 19.Qb4 Bxf3 20.Bxf3 Qb5 21.Qxd6 Qxg5 22.Bxa8 Be5
23.Qe7 Qxe7 24.Rxe7 Rxa8 25.b3 a5 26.Rd1 a4 27.Rdd7 axb3 28.axb3 Rf8 29.Rd3 Rb8
30.Ra7  1-0

[Event "Bundesliga 2002-3"]
[Site "Hamburg GER"]
[Date "2002.11.16"]
[Round "3"]
[White "Sandner,G"]
[Black "Reeh,O"]
[Result "1/2-1/2"]
[WhiteElo "2323"]
[BlackElo "2423"]

1.Nf3 c5 2.c4 Nf6 3.g3 b6 4.Bg2 Bb7 5.O-O g6 6.b3 Bg7 7.Bb2 O-O 8.Nc3 d6
9.e3 Nbd7 10.d4 a6 11.Qe2 Ne4 12.Nxe4 Bxe4 13.Rfd1 Rb8 14.Rac1 Qc7 15.Ne5 Nf6
16.Ng4 Bxg2  1/2-1/2

[Event "FSGM Dec"]
[Site "Budapest HUN"]
[Date "2002.12.08"]
[Round "2"]
[White "Valdes,Le"]
[Black "Anka,E"]
[Result "1/2-1/2"]
[WhiteElo "2426"]
[BlackElo "2462"]

1.Nf3 c5 2.g3 b6 3.Bg2 Bb7 4.O-O Nf6 5.c4 g6 6.Nc3 Bg7 7.d4 cxd4 8.Qxd4 d6
9.Rd1 Nbd7 10.Be3 O-O 11.Qh4 Rc8 12.Rac1 Re8 13.b3 Qc7 14.Bh6 Bxh6 15.Qxh6 a6
16.Bh3 Bxf3 17.exf3 Qb7 18.Rd4 Rc5 19.Bxd7 Qxd7 20.g4 b5 21.Re1 e5 22.Rde4 bxc4
23.bxc4 Qc6 24.g5 Nh5 25.Rh4 Rxc4 26.Rxh5 gxh5 27.Ne4 Rxe4 28.fxe4 Qc3 29.Re3 Qc1+
30.Kg2 Qd1 31.Rf3 Re6 32.Qxh5 Rg6 33.Qg4 h6 34.h4 Qc2 35.a3 Qc4 36.Qf5 Kg7
37.Rg3 Qe6 38.Qf3 hxg5 39.hxg5 a5 40.Qh5 Qc4 41.Qf3 Qc1 42.Qf5 Qd2 43.Qg4 a4
44.Qf5 Qc1 45.Qg4 Kf8 46.Qf5 Ke7 47.Qg4 Qf4 48.Qxf4 exf4 49.Rg4 Ke6 50.Kf3 d5
51.exd5+ Kxd5 52.Rxf4 Rxg5 53.Rxa4 f5 54.Rh4 Ke5 55.Rb4 Rg1 56.Rb5+ Kf6 57.Ke3 Ra1
58.Kf4 Rxa3 59.Rxf5+ Kg7 60.Rb5 Ra6 61.f3 Kf7 62.Rf5+ Kg7 63.Kg4 Rb6 64.Rg5+ Kf7
65.Rh5 Kg7 66.f4 Ra6 67.Rb5 Kf7 68.Kg5 Kg7 69.Rb7+ Kf8 70.f5 Rc6 71.Rb8+ Kf7
72.Rh8 Kg7 73.Rh1 Ra6 74.Re1 Kf7  1/2-1/2

[Event "XV Carlos Torre"]
[Site "Merida MEX"]
[Date "2002.12.15"]
[Round "3"]
[White "Pigusov,E"]
[Black "Lobron,E"]
[Result "1/2-1/2"]
[WhiteElo "2622"]
[BlackElo "2500"]

1.Nf3 Nf6 2.c4 b6 3.g3 c5 4.Bg2 Bb7 5.O-O g6 6.d4 cxd4 7.Qxd4 Bg7 8.Nc3 d6
9.Rd1 Nbd7 10.Be3 Rc8 11.Rac1 O-O 12.Qh4 a6 13.b3 Re8 14.Bh3 Rb8 15.g4 h5
16.gxh5 Nxh5 17.Nd5 Bf6 18.Nxf6+ Ndxf6 19.Ng5 Bc8 20.Bg2 Bb7 21.Bh3 Bc8 22.Bg2 Bb7
23.f3 e5 24.Nh3 Qc7 25.Nf2 Kg7 26.Nd3 a5 27.b4 axb4 28.Nxb4 Rh8 29.Qf2 Nd7
30.Rc2 Nc5 31.Rcd2 Rbd8 32.f4 Bxg2 33.Qxg2 Ne6 34.fxe5 Qxc4 35.Nd3 dxe5 36.Nxe5 Qc3
37.Nd3 Nhf4 38.Bxf4 Nxf4 39.Qf3 Nxd3 40.Rxd3 Qc5+ 41.Kh1 Qe5 42.Qf2 Rde8
43.Rd7 Qe6 44.R1d6 Qe4+ 45.Kg1 Qb1+ 46.Kg2  1/2-1/2

[Event "Christmas Open"]
[Site "Zadar CRO"]
[Date "2002.12.18"]
[Round "5"]
[White "Jelic,N"]
[Black "Kristovic,M"]
[Result "0-1"]
[WhiteElo "2097"]
[BlackElo "2337"]

1.Nf3 c5 2.g3 b6 3.Bg2 Bb7 4.c4 Nf6 5.O-O g6 6.b3 Bg7 7.Bb2 O-O 8.Nc3 d6
9.d3 Qc8 10.Qd2 Nbd7 11.e4 Re8 12.Nd5 e6 13.Nxf6+ Nxf6 14.Rfe1 Qc6 15.Qc2 Rad8
16.Rad1 h6 17.d4 Qc7 18.d5 exd5 19.exd5 Bc8 20.Qc1 Kh7 21.Nh4 Bg4 22.Bf3 Bh3
23.Qa1 Rxe1+ 24.Rxe1 Re8 25.Rxe8 Nxe8 26.Bxg7 Nxg7 27.Qe1 Qd8 28.Bg2 Bxg2
29.Kxg2 Qf6 30.Qe2 Kg8 31.f4 Kf8 32.Kg1 g5 33.fxg5 hxg5 34.Nf3 Nf5 35.g4 Nd4
36.Nxd4 cxd4 37.Qe4 a5 38.Kg2 Kg7 39.a3 Kh6 40.b4 a4 41.Kg3 Kg7 42.Kg2 Kf8
43.h3 d3 44.Qxd3 Qb2+ 45.Kf3 Qh2 46.Qf1 Qf4+ 47.Kg2 Qe4+ 48.Kg3 Qe5+ 49.Kf3 Qf6+
50.Kg2 Qb2+ 51.Qf2 Qxa3 52.Qxb6 Qb2+ 53.Kf3 Qc3+ 54.Ke4 Qxc4+ 55.Qd4 Qe2+
56.Kf5 a3 57.Qh8+ Ke7 58.Qf6+ Kd7 59.Qxf7+ Qe7 60.Qh5 Qe5+ 61.Kg6 Qe8+  0-1

[Event "Open"]
[Site "Pamplona ESP"]
[Date "2002.12.23"]
[Round "4"]
[White "Alvarez Ibarra,R"]
[Black "Estremera Panos,S"]
[Result "1/2-1/2"]
[WhiteElo "2425"]
[BlackElo "2359"]

1.Nf3 Nf6 2.g3 c5 3.c4 b6 4.Bg2 Bb7 5.O-O g6 6.Nc3 Bg7 7.d4 cxd4 8.Qxd4 d6
9.Rd1 Nbd7 10.Be3 a6 11.Rac1 O-O 12.Qh4 Rb8 13.h3 b5 14.c5 dxc5 15.Bxc5 Qe8
16.Bb4 Rc8 17.b3 Nb8 18.Ne5 Bxg2 19.Kxg2 Nc6 20.Nxc6  1/2-1/2

[Event "35th Open"]
[Site "Trinec CZE"]
[Date "2002.12.29"]
[Round "2"]
[White "Sergeev,V"]
[Black "Ostrowski,L"]
[Result "0-1"]
[WhiteElo "2308"]
[BlackElo "2317"]

1.Nf3 Nf6 2.g3 b6 3.Bg2 Bb7 4.O-O c5 5.c4 g6 6.b3 Bg7 7.Bb2 O-O 8.Nc3 d6
9.e3 Nbd7 10.d4 Ne4 11.Rc1 cxd4 12.exd4 Nxc3 13.Bxc3 Rc8 14.Re1 Rc7 15.d5 Bxc3
16.Rxc3 b5 17.Qd4 bxc4 18.bxc4 Nf6 19.Rce3 Bc8 20.Bf1 Rb7 21.h3 a5 22.Qc3 e5
23.dxe6 fxe6 24.Ng5 e5 25.c5 Rc7 26.Qb3+ d5 27.Rxe5 Rxc5 28.Bg2 a4 29.Qxa4 Qb6
30.Qd4 Rb5 31.Nf3 Qa5 32.Re7 Qxa2 33.Ne5 Qb2 34.Nc6 Qxd4 35.Nxd4 Rb2 36.g4 Rd2
37.Nf3 Rb2 38.Nd4 Rd2 39.Nf3 Rb2 40.Ng5 d4 41.Rc7 h6 42.Ne6 Bxe6 43.Rxe6 Rf7
44.Rcc6 Kg7 45.Red6 g5 46.Rxd4 Nd7 47.Be4 Nf8 48.Bf5 h5 49.Rd5 hxg4 50.hxg4 Rb4
51.Kg2 Ra7 52.Kg3 Rba4 53.Rcc5 Ra3+ 54.f3 Re7 55.Bc8 Nh7 56.Rd6 Rae3 57.Rcc6 Nf8
58.Bf5 Re1 59.Be4  0-1

[Event "Inv. Tens"]
[Site "Wijk aan Zee NED"]
[Date "2003.01.21"]
[Round "5"]
[White "Bu Xiangzhi"]
[Black "Janssen,R"]
[Result "1/2-1/2"]
[WhiteElo "2569"]
[BlackElo "2470"]

1.Nf3 c5 2.c4 Nf6 3.g3 b6 4.Bg2 Bb7 5.O-O g6 6.Nc3 Bg7 7.d4 cxd4 8.Qxd4 d6
9.b3 Nbd7 10.Bb2 O-O 11.Rfd1 a6 12.Rac1 Ne4 13.Qe3 Re8 14.Rc2 Nxc3 15.Bxc3 Bxc3
16.Rxc3 Qc7 17.Qh6 Nf8 18.Rd4 e5 19.Rd1 d5 20.e3 b5 21.c5 b4 22.Rc2 Bc6 23.Rcd2 Rad8
24.Qh4 a5 25.h3 Qe7 26.Qxe7 Rxe7 27.a3 bxa3 28.Ra2 Rb8 29.Rxa3 Rb5 30.Rda1 Rxc5
31.Rxa5 Rc3 32.Ra7 Rxa7 33.Rxa7 d4 34.Nxe5 dxe3 35.fxe3 Bxg2 36.Kxg2 Rxe3
37.Nxf7 Rxb3 38.Nh6+ Kh8 39.h4 Rb2+ 40.Kh3 Rd2 41.g4 Rd3+ 42.Kg2 Rd7 43.Ra8 Kg7
44.g5 Rd2+ 45.Kf3 Rd3+ 46.Ke4 Rd1 47.Ke3 Rd6 48.Kf4 Rd4+ 49.Ke5 Rd1 50.Ke4 Rd2
51.Ra1 Rd7 52.Ke5 Rd2 53.Rf1 Re2+ 54.Kd4 Rd2+ 55.Kc3 Rd7 56.Re1 Rc7+ 57.Kb4 Rb7+
58.Kc5 Rc7+ 59.Kd6 Rd7+ 60.Kc6 Ra7 61.Kb6 Rd7 62.Re4 Rd6+ 63.Kc7 Rd7+ 64.Kb8 Rd8+
65.Kc7 Rd7+ 66.Kc6 Ra7 67.Re8 Ra6+ 68.Kd5 Ra5+ 69.Kc6 Ra6+ 70.Kc5 Re6 71.Rc8 Re5+
72.Kc6 Re6+ 73.Kb7 Re7+ 74.Kb8 Nd7+ 75.Ka7 Nf8+ 76.Ka8 Rd7 77.Kb8 Rd1 78.Re8 Rb1+
79.Kc7  1/2-1/2

[Event "Inv. Tens"]
[Site "Wijk aan Zee NED"]
[Date "2003.01.21"]
[Round "5"]
[White "Boom,W"]
[Black "Lobron,E"]
[Result "0-1"]
[WhiteElo "2238"]
[BlackElo "2506"]

1.Nf3 Nf6 2.c4 b6 3.g3 c5 4.Bg2 Bb7 5.O-O g6 6.Nc3 Bg7 7.d4 cxd4 8.Qxd4 d6
9.Rd1 Nbd7 10.Rb1 a6 11.Nd5 O-O 12.Qh4 b5 13.b3 Rb8 14.Bg5 Re8 15.Nd4 Ba8
16.Nxf6+ Bxf6 17.Bxf6 Nxf6 18.cxb5 axb5 19.Nc6 Bxc6 20.Bxc6 Rf8 21.a4 bxa4
22.bxa4 Qc7 23.Bb5 Rfc8 24.Qf4 Kg7 25.Rdc1 Qa5 26.g4 h6 27.h3 Rc3 28.Rxc3 Qxc3
29.Kg2 Nd5 30.Qe4 Qd2 31.Rb3 Nf4+ 32.Kg3 Nxe2+ 33.Kh2 Nd4 34.Rd3 Qxf2+ 35.Kh1 Nxb5  0-1

[Event "TCh-AUT 2002-3"]
[Site "Jenbach AUT"]
[Date "2003.01.23"]
[Round "5"]
[White "Loeffler,S"]
[Black "Bischoff,K"]
[Result "1/2-1/2"]
[WhiteElo "2398"]
[BlackElo "2564"]

1.Nf3 Nf6 2.c4 b6 3.g3 Bb7 4.Bg2 c5 5.O-O g6 6.b3 Bg7 7.Bb2 O-O 8.Nc3 Na6
9.e3 e6 10.d4 Qe7 11.Qe2 Ne4 12.Rfd1 Rfd8 13.Nxe4 Bxe4 14.dxc5 Nxc5 15.Bxg7 Kxg7
16.b4 Nb7 17.Rd4 Bc6 18.Qb2 f6 19.Rad1 Rac8 20.Qb3 a5  1/2-1/2

[Event "ch-IND"]
[Site "Mumbai IND"]
[Date "2003.01.24"]
[Round "10"]
[White "Sundararajan,K"]
[Black "Ramesh,R"]
[Result "1/2-1/2"]
[WhiteElo "2416"]
[BlackElo "2472"]

1.Nf3 Nf6 2.c4 b6 3.g3 c5 4.Bg2 Bb7 5.O-O g6 6.Nc3 Bg7 7.d4 cxd4 8.Qxd4 d6
9.Rd1 Nbd7 10.Be3 Rc8 11.Rac1 a6 12.b3 O-O 13.Qh4 Re8 14.Bh3 Rb8 15.g4 Bh8
16.g5 Nh5 17.Bg4 Ng7 18.Qh3 Bc8 19.b4 Nf8 20.Bxc8 Rxc8 21.Nd5 Nd7 22.c5 bxc5
23.bxc5 Ne6 24.c6 Ndc5 25.c7 Rxc7 26.Nxc7 Qxc7 27.Qg4 Rb8 28.Rb1 Rd8 29.Qc4 Bg7
30.Qd5 Qa5 31.Nd2 Qa4 32.Qc4 Qxc4 33.Nxc4 Ne4 34.Rb7 Nc3 35.Re1 Nxa2 36.Rxe7 d5
37.Nb6 Bc3  1/2-1/2

[Event "ch-IND"]
[Site "Mumbai IND"]
[Date "2003.01.29"]
[Round "18"]
[White "Kunte,A"]
[Black "Ramesh,R"]
[Result "1/2-1/2"]
[WhiteElo "2507"]
[BlackElo "2472"]

1.Nf3 Nf6 2.g3 b6 3.Bg2 Bb7 4.O-O c5 5.c4 g6 6.Nc3 Bg7 7.d4 cxd4 8.Qxd4 d6
9.Rd1 Nbd7 10.Be3 Rc8 11.Rac1 O-O  1/2-1/2

[Event "National I"]
[Site "Drancy FRA"]
[Date "2003.01.31"]
[Round "1"]
[White "Komarov,D"]
[Black "Rotstein,A"]
[Result "1/2-1/2"]
[WhiteElo "2560"]
[BlackElo "2544"]

1.Nf3 Nf6 2.c4 c5 3.g3 b6 4.Bg2 Bb7 5.O-O g6 6.b3 Bg7 7.Bb2 O-O 8.Nc3 Na6
9.e3 d5 10.cxd5 Nxd5 11.d4 Nxc3 12.Bxc3 Nc7 13.Rc1 Nb5 14.Ba1 cxd4 15.Nxd4  1/2-1/2

[Event "Bundesliga 2002-3"]
[Site "Cologne GER"]
[Date "2003.02.09"]
[Round "11"]
[White "Jackelen,T"]
[Black "Epishin,V"]
[Result "0-1"]
[WhiteElo "2415"]
[BlackElo "2626"]

1.Nf3 Nf6 2.c4 b6 3.g3 Bb7 4.Bg2 c5 5.O-O g6 6.d4 cxd4 7.Qxd4 Bg7 8.Nc3 d6
9.Rd1 Nbd7 10.Be3 a6 11.Rac1 Rb8 12.b3 O-O 13.Qh4 b5 14.cxb5 axb5 15.Qb4 Re8
16.Ne1 h5 17.Nxb5 Bxg2 18.Nxg2 d5 19.a4 e5 20.Qd6 d4 21.Bg5 Re6 22.Qc7 Qe8
23.Qc2 Reb6 24.Nc7 Qc8 25.Nb5 Qb7 26.Qd3 Ne8 27.Ne1 Bf8 28.Qb1 Nc5 29.Nd3 Ne4
30.Bd2 Nxd2 31.Rxd2 Bh6 32.f4 Qe4 33.Nf2 Qd5 34.Rc4 Nd6 35.Nxd6 Qxd6 36.Rd3 Qe6
37.Qc2 exf4 38.Rcxd4 fxg3 39.hxg3 Rxb3 40.Rxb3 Rxb3 41.Rd8+ Kh7 42.Rd3 Rb7
43.Rf3 Re7 44.Kf1 Be3 45.Kg2 f6 46.Kf1 Kg7 47.Kg2 g5 48.Kf1 Bb6 49.Qb2 g4
50.Rf4 Qd6 51.Qb5 Be3 52.Nd3 Bxf4 53.Nxf4 Rc7 54.Qb1 Rc5 55.Qg6+ Kf8 56.Kg2 Qc6+
57.Kf2 Rg5 58.Qh7 Ke8 59.Qh8+ Kd7 60.Qh7+ Kc8 61.Qf7 Qb6+ 62.Kf1 Rc5 63.Qf8+ Kb7
64.Kg2 Rc1 65.Qe7+ Ka6 66.Qe6 Qxe6 67.Nxe6 Ka5 68.Kf2 Kxa4 69.Ke3 Rf1 70.Nf4 Rxf4
71.Kxf4 Kb4  0-1

[Event "ch-CZE"]
[Site "Lahucovice CZE"]
[Date "2003.02.25"]
[Round "8"]
[White "Jirovsky,M"]
[Black "Hracek,Z"]
[Result "1/2-1/2"]
[WhiteElo "2457"]
[BlackElo "2601"]

1.Nf3 Nf6 2.c4 b6 3.g3 c5 4.Bg2 Bb7 5.O-O g6 6.d4 cxd4 7.Qxd4 Bg7 8.Nc3 d6
9.Rd1 Nbd7 10.Qh4 Rc8 11.Be3 O-O 12.Rac1 a6 13.b3 Rc7 14.Bh3 Qb8 15.Bh6 b5
16.Nd5 Nxd5 17.cxd5 Nf6 18.Bxg7 Kxg7 19.e4 Bc8 20.Bxc8 Rfxc8 21.Rxc7 Qxc7
22.Nd4 Qc3 23.Qf4 Rc5 24.f3 h6 25.Qd2 Nd7 26.Kf2 Ne5 27.Ke2 Qxd2+ 28.Kxd2 Kf6
29.Rc1 g5 30.a3 e6 31.dxe6 fxe6 32.Rc3 Ke7 33.h3 Nd7 34.b4 Rxc3 35.Kxc3 Kf6
36.Nc6 e5 37.Kb3 Ke6 38.g4 Nb6 39.Nb8 Ke7 40.Kc3 Kd8 41.Nc6+ Kd7 42.Na5 Na8
43.Nb3 Nc7 44.Nc1 Ne6 45.Ne2 Ke7 46.Kb3 Nd4+ 47.Nxd4 exd4 48.Kc2 Ke6 49.Kd3 Ke5
50.Kd2 Kf4 51.Kd3 Ke5  1/2-1/2

[Event "4th ch-Asia"]
[Site "Doha QAT"]
[Date "2003.02.28"]
[Round "7"]
[White "Rahman,Zia"]
[Black "Sasikiran,K"]
[Result "0-1"]
[WhiteElo "2542"]
[BlackElo "2664"]

1.Nf3 Nf6 2.c4 b6 3.g3 Bb7 4.Bg2 c5 5.O-O g6 6.Nc3 Bg7 7.d4 cxd4 8.Qxd4 d6
9.Rd1 Nbd7 10.Be3 Rc8 11.Rac1 O-O 12.Qh4 a6 13.b3 Rc7 14.Ne1 Qb8 15.Bh6 Bxh6
16.Qxh6 b5 17.Nd5 Nxd5 18.cxd5 Rfc8 19.Nd3 a5 20.e4 b4 21.Bh3 Ba6 22.Bxd7 Rxd7
23.Rxc8+ Qxc8 24.Rc1 Rc7 25.Rxc7 Qxc7 26.Qd2 Qb6 27.Nb2 Qc5 28.Nd1 h5 29.h4 Kg7
30.Kg2 Qb5 31.Ne3 Qd3 32.Qxd3 Bxd3 33.f3 Kf6 34.Kf2 Ke5 35.Ke1 Kd4 36.Kd2 f5
37.exf5 Bxf5 38.g4 Bd7 39.gxh5 gxh5 40.Nc4 a4 41.Nb6 axb3 42.axb3 Bf5 43.Na8 Kxd5
44.Nc7+ Ke5 45.Ke3 Bc8 46.f4+ Kf5 47.Nd5 Be6 48.Nxe7+ Kg4 49.Nc6 Kxh4 50.Nxb4 Kg3
51.Nd3 h4 52.Nf2 Bxb3 53.Ne4+ Kg2 54.Nxd6 h3 55.Ne4 h2 56.Nf2 Be6 57.Ke2 Bf5
58.Ke3 Bg4 59.Nh1 Kxh1 60.Kf2 Bh3  0-1

[Event "36th Ladies GM"]
[Site "Belgrade YUG"]
[Date "2003.03.08"]
[Round "4"]
[White "Prudnikova,S"]
[Black "Olarasu,G"]
[Result "1/2-1/2"]
[WhiteElo "2426"]
[BlackElo "2293"]

1.Nf3 b6 2.g3 Bb7 3.Bg2 c5 4.c4 Nf6 5.O-O g6 6.Nc3 Bg7 7.d4 cxd4 8.Qxd4 d6
9.Be3 Nbd7 10.Rac1 Rc8 11.b3 O-O 12.Qh4 Re8 13.Bh6 Bh8 14.Rfd1 Rc5 15.Ng5 Bxg2
16.Kxg2 Qa8+ 17.f3  1/2-1/2

[Event "FSIMB March"]
[Site "Budapest HUN"]
[Date "2003.03.08"]
[Round "8"]
[White "Yeke,S"]
[Black "Harmon,C"]
[Result "0-1"]
[WhiteElo "2277"]
[BlackElo "2198"]

1.Nf3 Nf6 2.c4 b6 3.g3 c5 4.Bg2 Bb7 5.O-O g6 6.d4 cxd4 7.Qxd4 Bg7 8.Nc3 d6
9.Rd1 Nbd7 10.Be3 O-O 11.Qh4 Rc8 12.Rac1 a6 13.b3 Rc7 14.Bh3 Qa8 15.Nd2 Re8
16.g4 b5 17.g5 Nh5 18.Nd5 Bxd5 19.cxd5 Rec8 20.Rxc7 Rxc7 21.Qe4 Nc5 22.Qf3 Bb2
23.Rb1 Be5 24.Nf1 a5 25.Ng3 Nxg3 26.hxg3 b4 27.Rc1 Bc3 28.Bxc5 Rxc5 29.e4 a4
30.Bf1 axb3 31.axb3 Qa2 32.Bc4 Qd2 33.Rd1 Qxg5 34.Qe2 h5 35.Rd3 Ra5 36.f4 Ra1+
37.Kg2 Qh6 38.e5 h4 39.exd6 exd6 40.f5 Be5  0-1

[Event "6th United Insurance"]
[Site "Dhaka BAN"]
[Date "2003.03.16"]
[Round "9"]
[White "Rahman,Zia"]
[Black "Vakhidov,T"]
[Result "1-0"]
[WhiteElo "2542"]
[BlackElo "2546"]

1.Nf3 Nf6 2.c4 b6 3.g3 c5 4.Bg2 Bb7 5.O-O g6 6.Nc3 Bg7 7.d4 cxd4 8.Qxd4 Nc6
9.Qf4 Na5 10.b3 d5 11.Rd1 Qc8 12.Ba3 dxc4 13.b4 Nc6 14.Qxc4 a6 15.Rac1 b5
16.Qh4 Qb8 17.Ng5 Ne5 18.Bb2 Bxg2 19.Kxg2 Nc4 20.Ba1 Qb7+ 21.Kg1 h6 22.Nge4 Nxe4
23.Nxe4 O-O 24.Nc5 Qc6 25.Bxg7 Kxg7 26.a4 Rfd8 27.a5 g5 28.Qg4 Qg6 29.Qf3 Rxd1+
30.Rxd1 Qc2 31.Rd7 Re8 32.Qd3 Qc1+ 33.Kg2 Ne5 34.Qd4 f6 35.Rc7 Qe1 36.Qe4 g4
37.Nxa6 h5 38.Nc5 h4 39.gxh4 Ng6 40.Qxg4 Rg8 41.Nd3 Qd2 42.h5 Kh7 43.Qf5 Kh6
44.hxg6 Rxg6+ 45.Kf3 Rg5 46.Qf4 Qd1 47.h4  1-0

[Event "XII It I"]
[Site "Dos Hermanas ESP"]
[Date "2003.04.05"]
[Round "9"]
[White "Illescas Cordoba,M"]
[Black "Khalifman,A"]
[Result "1/2-1/2"]
[WhiteElo "2595"]
[BlackElo "2702"]

1.Nf3 Nf6 2.c4 b6 3.g3 c5 4.Bg2 Bb7 5.O-O g6 6.Nc3 Bg7 7.d4 cxd4 8.Qxd4 d6
9.Be3 Nbd7 10.Rac1 Rc8 11.b3 a6 12.Nd5 O-O 13.Nxf6+ Bxf6 14.Qd2 Rc7 15.Ne1 Qb8
16.Bxb7 Qxb7 17.Nd3 Bg7 18.Nb4 Nf6 19.Nd5 Nxd5 20.cxd5 Rfc8 21.Rxc7 Rxc7
22.Rc1 h5 23.Rxc7 Qxc7 24.Qc1 Qxc1+ 25.Bxc1  1/2-1/2

[Event "Vedior Trophy"]
[Site "Milan ITA"]
[Date "2003.04.29"]
[Round "4"]
[White "Dragojlovic,A"]
[Black "Contin,D"]
[Result "0-1"]
[WhiteElo "2335"]
[BlackElo "2340"]

1.Nf3 Nf6 2.g3 b6 3.Bg2 Bb7 4.O-O c5 5.c4 g6 6.Nc3 Bg7 7.d4 cxd4 8.Qxd4 d6
9.Nd5 Nbd7 10.Bg5 h6 11.Nxf6+ Nxf6 12.Be3 O-O 13.Qd2 Rc8 14.Bxh6 Rxc4 15.Bxg7 Kxg7
16.b3 Rc5 17.Rfc1 Qa8 18.b4 Rxc1+ 19.Rxc1 Rc8 20.h4 Be4 21.Rxc8 Qxc8 22.Ng5 Bxg2
23.Kxg2 Qc4 24.Qb2 e5 25.a3 Ng4 26.Qd2 d5 27.f3 Qc2 28.Qe1 Ne3+ 29.Kh2 Qa2
30.Nh3 Qxa3 31.h5 Qb2 32.hxg6 Kxg6 33.Kg1 Nc2  0-1